| 000 | 00734cam a22002531 4500 | ||
|---|---|---|---|
| 001 | 9793 | ||
| 003 | BD-RjUL | ||
| 005 | 20211208234834.0 | ||
| 008 | 140121s1963 nyua 000 0 eng | ||
| 035 | _a(BD-RjUL)9838 | ||
| 040 |
_aDLC _cBD-RjUL _dBD-RjUL _dDLC _beng |
||
| 041 | _aeng | ||
| 082 |
_a629.1323 _bLAA 1963 |
||
| 100 | 1 |
_aLachnitt, Jacques. _930280 |
|
| 245 | 0 | 0 |
_aAerodynamics. _cTranslated by Janette C. Loder and Charles G. Keil. |
| 260 |
_aNew York, _bWalker _c[1963] |
||
| 300 |
_a145 p. _billus. _c21 cm. |
||
| 490 | 0 | _aWalker sun books, SB-16. Phycics and mathematics | |
| 504 | _aIncludes bibliography. | ||
| 650 | 0 |
_aAerodynamics. _930281 |
|
| 942 |
_2ddc _cBK |
||
| 999 |
_c9793 _d9793 |
||